| 000 | 00564nam a22001937a 4500 | ||
|---|---|---|---|
| 003 | SISC | ||
| 005 | 20160307155401.0 | ||
| 008 | 130122t xxu||||| |||| 00| 0 eng d | ||
| 020 | _a0669061441 | ||
| 050 |
_aPR 1263 _b.En58 1933 |
||
| 082 |
_aHS 822.3 _bEn36 1961 |
||
| 245 |
_aEnglish Drama 1580-1642 / _c(editors)Brooke, C. F. Tucker and Paradise, Nathaniel Burton. |
||
| 260 |
_aMassachusetts : _bD.C. Heath and Company, _cc1933. |
||
| 300 |
_a1044 p. : _c26 cm. |
||
| 650 |
_aEnglish drama _93601 |
||
| 942 |
_2lcc _cBK |
||
| 999 |
_c10356 _d10356 |
||